000
00258nam a22001097a 4500
008
170113b xxu||||| |||| 00| 0 eng d
020
_a
9780779699612
041
_a
eng
080
_2
3RD
_a
618.2
245
_a
FUNDAMENTALS OF NURSING
_c
KERR, J.C
942
_2
udc
_c
BK
999
_c
2887
_d
2887